Las finanzas y la gestión financiera municipal en Centroamérica y República Dominicana /
Hace un recorrido sobre la historia de los gobiernos locales de los países de Centroamérica, Panamá y República Dominicana asímismo, estudia el marco legal, observa el aspecto de los ingresos municipales y la gestión presupuestaria por ser el tema de las finanzas un aspecto prioritario en la agenda...
Guardado en:
| Autores Corporativos: | , |
|---|---|
| Formato: | Texto |
| Publicado: |
San José:
DEMUCA
|
| Materias: | |
| Etiquetas: |
Agregar Etiqueta
Sin Etiquetas, Sea el primero en etiquetar este registro!
|
MARC
| LEADER | 00000 a a2200000 04500 | ||
|---|---|---|---|
| 001 | 21898 | ||
| 003 | |||
| 040 | |||
| 090 | |a 146100 | ||
| 110 | |a Fundación para el Desarrollo Local y el Fortalecimiento Municipal e Institucional de Centroamérica y el Caribe | ||
| 245 | |a Las finanzas y la gestión financiera municipal en Centroamérica y República Dominicana / |c Fundación para el Desarrollo Local y el Fortalecimiento Municipal e Institucional de Centroamérica y el Caribe | ||
| 260 | |a San José: |b DEMUCA | ||
| 300 | |a 302 p. |b **no definido** | ||
| 520 | |a Hace un recorrido sobre la historia de los gobiernos locales de los países de Centroamérica, Panamá y República Dominicana asímismo, estudia el marco legal, observa el aspecto de los ingresos municipales y la gestión presupuestaria por ser el tema de las finanzas un aspecto prioritario en la agenda de las municipalidades de la región, además, la redistribución del poder del Estado y el fortalecimiento de los procesos de toma de decisiones que involucren a la ciudadanía. El documento forma parte de otras dos publicaciones tituladas "Descentralización y marco competencial de los gobiernos locales en Centroamérica y República Dominicana" Y "Organización y funcionamiento municipal en Centroamérica y República Dominicana". REV/LCL | ||
| 650 | |a DESARROLLO LOCAL | ||
| 650 | |a GOBIERNO LOCAL | ||
| 650 | |a FINANZAS LOCALES | ||
| 650 | |a FINANZAS LOCALES | ||
| 710 | |a Fundación DEMUCA | ||
| 999 | |c 12253 |d 12253 | ||
